[Event "American Continental 05th"]
[Site "Boca Raton"]
[Date "2008.11.02"]
[Round "1"]
[White "Margulis, Evgeny"]
[Black "Shabalov, Alexander"]
[Result "0-1"]
[WhiteElo "2274"]
[BlackElo "2585"]
[PlyCount "86"]
[EventDate "2008.11.01"]
[EventType "swiss"]
[EventRounds "9"]
[EventCountry "USA"]
[SourceTitle "EXT 2009"]
[Source "ChessBase"]
[SourceDate "2008.11.26"]
[SourceVersion "1"]
[SourceVersionDate "2008.11.26"]
[SourceQuality "1"]

1. d4 Nf6 2. Nf3 e6 3. g3 b5 4. Bg2 Bb7 5. a4 b4 6. c4 c5 7. d5 exd5 8. Nh4 g6 9. 0-0 Bg7 10. cxd5 0-0 11. e4 d6 12. Re1 a5 13. Nd2 Nbd7 14. Nc4 Nb6 15. Bf1 Re8 16. f3 Nxc4 17. Bxc4 Nd7 18. Ra2 Ba6 19. Bxa6 Rxa6 20. b3 Nb6 21. Qd3 Ra8 22. Ng2 Bc3 23. Bd2 c4 24. bxc4 Bxd2 25. Rxd2 Nxa4 26. Ne3 Nc5 27. Qb1 Qf6 28. Qd1 a4 29. Ng4 Qg7 30. e5 dxe5 31. d6 h5 32. Rd5 Nd7 33. Ne3 e4 34. c5 Rec8 35. Nc2 b3 36. Na3 Qc3 37. Nb5 Qc4 38. Nc7 Rab8 39. Rxe4 Qc3 40. Rxa4 b2 41. Qb1 Qc1+ 42. Rd1 Qxd1+ 43. Qxd1 b1Q 0-1

[Event "New York Marshall CC-ch 92nd"]
[Site "New York"]
[Date "2008.10.26"]
[Round "9"]
[White "Margulis, Evgeny"]
[Black "Sarkar, Justin"]
[Result "0-1"]
[WhiteElo "2274"]
[BlackElo "2451"]
[PlyCount "124"]
[EventDate "2008.10.17"]
[EventType "swiss"]
[EventRounds "9"]
[EventCountry "USA"]
[SourceTitle "EXT 2010"]
[Source "ChessBase"]
[SourceDate "2010.11.25"]
[SourceVersion "1"]
[SourceVersionDate "2010.11.25"]
[SourceQuality "1"]

1. d4 d5 2. Nf3 Nf6 3. g3 c6 4. Bg2 Bf5 5. 0-0 e6 6. c4 Nbd7 7. Qb3 Qb6 8. c5 Qxb3 9. axb3 Bxb1 10. Rxb1 Be7 11. b4 0-0 12. Ra1 a6 13. h3 Bd8 14. Bf4 Rc8 15. g4 Bc7 16. e3 Ne4 17. Rfd1 f6 18. Bxc7 Rxc7 19. Ne1 f5 20. Nd3 g5 21. f3 Nef6 22. f4 h6 23. Bf3 Kh7 24. Kh2 Rg8 25. Rg1 Nf8 26. Ne5 Ng6 27. Be2 gxf4 28. Raf1 fxe3 29. gxf5 exf5 30. Rxf5 Ne4 31. Ng4 Rf8 32. Rxf8 Nxf8 33. Nxe3 Rf7 34. Bg4 Nd2 35. Kg3 Ne4+ 36. Kh2 Nd2 37. Kg2 Rf4 38. Nc2 Ng6 39. Rd1 Ne4 40. Rf1 Nh4+ 41. Kg1 Rxf1+ 42. Kxf1 Ng3+ 43. Kf2 Ngf5 44. Bh5 Ng6 45. Bg4 Nge7 46. Kf3 Kg6 47. Kf4 Kf6 48. Bh5 Ng7 49. Be2 Nef5 50. Bd1 Ne6+ 51. Kg4 Kg6 52. Kf3 Nexd4+ 53. Nxd4 Nxd4+ 54. Kf4 Kf6 55. Bg4 Nc2 56. Bc8 Nxb4 57. Bxb7 a5 58. h4 Ke7 59. b3 Kd7 60. Ke5 Kc7 61. Ba8 h5 62. Kd4 Na6 0-1

[Event "New York Marshall CC-ch 92nd"]
[Site "New York"]
[Date "2008.10.18"]
[Round "3"]
[White "Margulis, Evgeny"]
[Black "Getz, Alec S"]
[Result "0-1"]
[WhiteElo "2274"]
[BlackElo "2222"]
[PlyCount "106"]
[EventDate "2008.10.17"]
[EventType "swiss"]
[EventRounds "9"]
[EventCountry "USA"]
[SourceTitle "EXT 2010"]
[Source "ChessBase"]
[SourceDate "2010.11.25"]
[SourceVersion "1"]
[SourceVersionDate "2010.11.25"]
[SourceQuality "1"]

1. d4 Nf6 2. Nf3 e6 3. g3 c5 4. c4 cxd4 5. Nxd4 Nc6 6. Bg2 Qb6 7. Nb3 Ne5 8. Qc2 Qc7 9. Bf4 Qxc4 10. Nc3 Ng6 11. Na5 Qb4 12. Bd2 Qxa5 13. Nd5 Qxd5 14. Bxd5 Nxd5 15. Rc1 Be7 16. e4 Nf6 17. h4 d5 18. h5 Ne5 19. h6 dxe4 20. hxg7 Rg8 21. Qxc8+ Rxc8 22. Rxc8+ Bd8 23. Bc3 Kd7 24. Rxd8+ Kxd8 25. Bxe5 Ke7 26. Bd4 Rxg7 27. Bxa7 Ng4 28. Ke2 f5 29. a4 e5 30. b4 Ke6 31. b5 Rc7 32. Kd2 f4 33. Bb6 Rd7+ 34. Ke2 Nf6 35. Rc1 Nd5 36. Ba5 Kf5 37. Bd2 b6 38. Rc6 Kg4 39. a5 bxa5 40. Bxa5 f3+ 41. Ke1 e3 42. b6 e2 43. Rc1 Kf5 44. Rb1 Rb7 45. Kd2 e4 46. Rb5 Ke6 47. Rb1 Kd6 48. Rb2 Kc6 49. Rc2+ Kb5 50. Rc7 Rb8 51. Rxh7 Kxa5 52. Rh5 Kxb6 53. Rxd5 Kc6 0-1

[Event "New York Masters 47th"]
[Site "New York"]
[Date "2003.03.11"]
[Round "1"]
[White "Margulis, Evgeny"]
[Black "Ehlvest, Jaan"]
[Result "0-1"]
[WhiteElo "2316"]
[BlackElo "2600"]
[PlyCount "94"]
[EventDate "2003.03.11"]
[EventType "swiss (rapid)"]
[EventRounds "4"]
[EventCountry "USA"]
[SourceTitle "EXT 2004"]
[Source "ChessBase"]
[SourceDate "2003.11.25"]
[SourceVersion "1"]
[SourceVersionDate "2003.11.25"]
[SourceQuality "1"]

1. d4 d5 2. c4 e6 3. Nf3 Nf6 4. g3 Bb4+ 5. Bd2 Be7 6. Bg2 0-0 7. cxd5 exd5 8. 0-0 c6 9. Nc3 Bf5 10. Bg5 Nbd7 11. Nd2 h6 12. Bxf6 Nxf6 13. e3 Bd6 14. a3 Qe7 15. Re1 Rfe8 16. f3 c5 17. Nb5 cxd4 18. exd4 Qxe1+ 19. Qxe1 Rxe1+ 20. Rxe1 Bf8 21. Nf1 Bd3 22. Nc3 Rc8 23. Rd1 Bxf1 24. Bxf1 Bxa3 25. Nxd5 Nxd5 26. bxa3 Kf8 27. Rd3 Ke7 28. h4 Kd6 29. f4 Rc2 30. Bg2 b5 31. Bf3 a6 32. Bd1 Rc3 33. Rxc3 Nxc3 34. Bb3 f6 35. Kf2 Ne4+ 36. Ke3 Nxg3 37. Bc2 f5 38. Bb3 Ne4 39. Bf7 Nc3 40. Bg6 Nd5+ 41. Kf3 Ke6 42. Be8 Nb6 43. Bc6 Kd6 44. Bb7 a5 45. Ke2 Nd5 46. Kf3 a4 47. Bc8 b4 0-1

[Event "World op 30th"]
[Site "Philadelphia"]
[Date "2002.06.30"]
[Round "2"]
[White "Margulis, Evgeny"]
[Black "Adu, Oladapo"]
[Result "0-1"]
[WhiteElo "2316"]
[BlackElo "2263"]
[PlyCount "60"]
[EventDate "2002.06.29"]
[EventType "swiss"]
[EventRounds "9"]
[EventCountry "USA"]
[SourceTitle "CBM 089 Extra"]
[Source "ChessBase"]
[SourceDate "2002.09.10"]
[SourceVersion "2"]
[SourceVersionDate "2002.09.10"]
[SourceQuality "1"]

1. d4 Nf6 2. Nf3 d5 3. c4 c6 4. e3 e6 5. Nc3 Nbd7 6. Bd3 dxc4 7. Bxc4 b5 8. Bb3 a6 9. 0-0 c5 10. d5 c4 11. dxe6 fxe6 12. Bc2 Bb7 13. Qe2 Bd6 14. e4 0-0 15. Bg5 Qc7 16. Bh4 Nh5 17. Bg3 Nf4 18. Qe3 Bc5 19. Qe1 Ne5 20. Nxe5 Qxe5 21. Rd1 Bc6 22. a3 a5 23. Kh1 Qg5 24. f3 Rf6 25. Ne2 Nxe2 26. Qf2 Qe3 27. e5 Rh6 28. h3 Rf8 29. b3 Rxh3+ 30. gxh3 Rxf3 0-1